| 000 | 00929nam a22002175i 4500 | ||
|---|---|---|---|
| 001 | 161465 | ||
| 003 | ES-MaACL | ||
| 005 | 20251013181508.0 | ||
| 008 | 140305s2003 th a |||| | spa d | ||
| 080 | _a974-13-2798-6 | ||
| 245 | 0 | 0 |
_aPrimer viaje del Rey Chulalongkorn a Europa en 1897 _brecopilacion de las cartas reales y de los documentos relacionados con este viaje del Rey Chulalongkorn. |
| 260 |
_aBangkok : _bCentre for European Studies at Chulalongkorn University, _c2003. |
||
| 300 |
_a270 p., CXIII : _bil. ; _c30 cm. |
||
| 651 | 4 |
_aTailandia- _xRelaciones- _zEuropa. _9154467 |
|
| 651 | 4 |
_aEuropa- _xRelaciones- _zTailandia. _9154468 |
|
| 700 | 1 |
_aChulalongkorn, Rey de Tailandia, _d1853-1910 _9154466 |
|
| 852 |
_aES-MaACL _jA-13039 _9167515 _bR.149772 _cDEPO1 _dOlim: N-6039 _hDonación: Real Academia Española |
||
| 914 |
_96336 _aReal Academia Española _ednr |
||
| 942 |
_2udc _cMONOGRAFIA |
||
| 999 |
_c161465 _d161465 |
||